LEADER 01302nam--2200445---450- 001 990002686410203316 005 20070223091432.0 010 $a88-06-17923-3 035 $a000268641 035 $aUSA01000268641 035 $a(ALEPH)000268641USA01 035 $a000268641 100 $a20051117h2005----km-y0itay50------ba 101 1 $aita 102 $aIT 105 $aa|||z|||001yy 200 1 $a<> fine del tempo$ela rivoluzione fisica prossima ventura$fJulian Barbour$gtraduzione di Lorenzo Lilli e Simonetta Frediani 210 $aTorino$cEinaudi$dcopyr. 2005 215 $aXVII, 354 p.$cill.$d21 cm 225 2 $aET saggi$v1367 410 0$12001$aET saggi$v1367 454 1 $12001$a<> end of time$921336 461 1$1001------$12001 606 0 $aSpazio-tempo 606 0 $aTempo 606 0 $aRelatività 676 $a115 676 $a530.11 700 1$aBARBOUR,$bJulian$042738 702 1$aLILLI,$bLorenzo 702 1$aFREDIANI,$bSimonetta 801 0$aIT$bsalbc$gISBD 912 $a990002686410203316 951 $aII.6. 1329(IV C 3952)$b183899 L.M.$cIV C$d00176710 959 $aBK 969 $aUMA 979 $aPECORARO$b90$c20051117$lUSA01$h0953 979 $aCOPAT6$b90$c20070223$lUSA01$h0914 996 $aEnd of time$921336 997 $aUNISA LEADER 01028nam a2200241 i 4500 001 991000106679707536 005 20020509162148.0 008 960215s1990 it ||| | ita 035 $ab11311964-39ule_inst 035 $aPARLA201949$9ExL 040 $aDip.to Scienze dell'Antichità$bita 100 1 $aAntonelli, Giuseppe$079006 245 10$aRoma tra repubblica e impero :$bfatti, momenti, personaggi della fine dell'antica repubblica romana, la più aggressiva e fortunata istituzione del mondo classico /$cGiuseppe Antonelli 260 $aRoma :$bNewton & Compton,$c1990 300 $a253 p. ;$c23 cm. 490 0 $aQuest'Italia. Collana di storia, arte e folclore ;$v153 650 4$aRoma antica$xStoria 907 $a.b11311964$b23-02-17$c01-07-02 912 $a991000106679707536 945 $aLE015 937 - 111$g1$iLE015A-3386$lle007$o-$pE0.00$q-$rl$s- $t0$u0$v0$w0$x0$y.i11481481$z01-07-02 996 $aRoma tra repubblica e impero$9822361 997 $aUNISALENTO 998 $ale007$b01-01-96$cm$da $e-$fita$git $h0$i1 LEADER 03831oam 2200937 450 001 9910820882403321 005 20201013103937.0 010 $a1-84779-706-7 010 $a1-78170-314-0 010 $a1-84779-449-1 035 $a(CKB)2560000000085710 035 $a(EBL)1069698 035 $a(OCoLC)818847493 035 $a(SSID)ssj0001552309 035 $a(PQKBManifestationID)16171873 035 $a(PQKBTitleCode)TC0001552309 035 $a(PQKBWorkID)14812762 035 $a(PQKB)10329418 035 $a(SSID)ssj0000712793 035 $a(PQKBManifestationID)12296311 035 $a(PQKBTitleCode)TC0000712793 035 $a(PQKBWorkID)10651419 035 $a(PQKB)10749746 035 $a(StDuBDS)EDZ0000086895 035 $a(MiAaPQ)EBC1069698 035 $a(Au-PeEL)EBL1069698 035 $a(CaPaEBR)ebr10627218 035 $a(CaONFJC)MIL843774 035 $a(OCoLC)1100883656 035 $a(MdBmJHUP)musev2_78502 035 $a(UkMaJRU)992976236737501631 035 $a(DE-B1597)659898 035 $a(DE-B1597)9781847794499 035 $a(EXLCZ)992560000000085710 100 $a20120523h20092009 fy 0 101 0 $aeng 135 $aur||#|||||||| 181 $ctxt$2rdacontent 182 $cc$2rdamedia 183 $acr$2rdacarrier 200 10$aJack Rosenthal /$fSue Vice 210 1$aManchester, UK :$cManchester University Press,$d2009. 210 31$aManchester, UK :$cManchester University Press,$d[2013] 210 4$d©2009 215 $a1 online resource (viii, 202 pages) $cdigital file(s) 225 1 $aThe television series 300 $aDescription based upon print version of record. 311 $a0-7190-8811-9 311 $a0-7190-7704-4 320 $aIncludes bibliographical references and index. 327 $aCopyright; Contents; General editors' preface; Acknowledgements; Introduction; 1. The beginnings; 2. Little England; 3. Men at work; 4. Love stories; 5. Structure and plot; 6. Television satire in 1976 and 2005; 7. Versions of autobiography; 8. Anglo-Jewish plays; Appendix: list of television programmes; Select bibliography; Index 330 $aThis is the first-ever critical work on Jack Rosenthal, the award-winning British television dramatist. His career began with Coronation Street in the 1960's and he became famous for his popular sitcoms, including The Lovers and The Dustbinmen. During what is often known as the 'golden age' of British television drama, Rosenthal wrote such plays as The Knowledge, The Chain, Spend, Spend, Spend and P'tang, Yang, Kipperbang, as well as the pilot for the series London's Burning. This study offers a close analysis of all Rosenthal's best-known works, drawing on archival material as well as interview... 410 0$aTelevision series (Manchester University Press) 606 $aTelevision plays, English$xHistory and criticism 606 $aFilm and Media$2mup 606 $aFilm$xTV & Radio$2bicssc 606 $aART$xFilm & Video$2bisacsh 606 $aElectronic, holographic & video art$2thema 608 $aElectronic books. 610 $aBritish television dramatist. 610 $aCoronation Street. 610 $aDon Black. 610 $aJack Rosenthal. 610 $aJonathan Lynn. 610 $aLondon's Burning. 610 $aThatcherism. 610 $apermissive society. 610 $arecession. 610 $asitcoms. 615 0$aTelevision plays, English$xHistory and criticism. 615 7$aFilm and Media 615 7$aFilm$xTV & Radio 615 7$aART$xFilm & Video 615 7$aElectronic, holographic & video art 676 $a822.914 700 $aVice$b Sue$f1961-$0295146 801 0$bUkMaJRU 906 $aBOOK 912 $a9910820882403321 996 $aJack Rosenthal$93928517 997 $aUNINA LEADER 03645nam 2200541 450 001 9910814646603321 005 20230809224938.0 010 $a3-11-049176-1 010 $a3-11-049459-0 024 7 $a10.1515/9783110494594 035 $a(CKB)3710000001418563 035 $a(MiAaPQ)EBC4895031 035 $a(DE-B1597)469391 035 $a(OCoLC)992507707 035 $a(DE-B1597)9783110494594 035 $a(Au-PeEL)EBL4895031 035 $a(CaPaEBR)ebr11405464 035 $a(OCoLC)993080432 035 $a(EXLCZ)993710000001418563 100 $a20170728h20172017 uy 0 101 0 $ager 135 $aurcnu|||||||| 181 $2rdacontent 182 $2rdamedia 183 $2rdacarrier 200 10$aUbungen im Medienrecht /$fKarl-Nikolaus Peifer 205 $a3., neu bearbeitete Auflage. 210 1$aBerlin, [Germany] ;$aBoston, [Massachusetts] :$cDe Gruyter,$d2017. 215 $a1 online resource (304 pages) $cillustrations 225 1 $aDe Gruyter Studium 311 $a3-11-048549-4 320 $aIncludes bibliographical references at the end of each chapters and index. 327 $tFrontmatter -- $tVorwort zur 3. Auflage -- $tInhalt -- $tAbkürzungsverzeichnis -- $tLiteraturverzeichnis -- $tFall 1: ?Pranger der Schande? -- $tFall 2: Wortberichterstattung über Prominente -- $tFall 3: Bildberichterstattung über Prominente -- $tFall 4: Berichterstattung über Gesetzesverstöße bekannter Personen -- $tFall 5: Berichterstattung über Straftäter in Fernsehdokumentationen und Online-Archiven -- $tFall 6: Merchandising-Artikel mit dem Bildnis eines Prominenten -- $tFall 7: Satirische (Werbe-)Äußerungen über Politiker -- $tFall 8: Persönlichkeitsrechtsverletzender Roman -- $tFall 9: Terminkalender der Bundeskanzlerin -- $tFall 10: Öffentlich-rechtliche Medienangebote im Internet ? Tagesschau-App -- $tFall 11: (Schleich-)Werbung im Rundfunk -- $tFall 12: Ärztebewertungsportal im Internet -- $tFall 13: Verwendung fremder Fotografien für eine Rezeptsammlung im Internet -- $tFall 14: Sperrung des Zugangs zu Internetseiten -- $tFall 15: Zusammenschluss eines Presseunternehmens mit einem Rundfunkveranstalter -- $tFall 16: Haftung eines Internet-Auktionshauses für das Angebot jugendgefährdender Medien -- $tSachregister 330 $aDas Übungs- und Lehrbuch zum Medienrecht präsentiert in der dritten Auflage sechzehn aktuelle medienrechtliche Fälle, die das Rechtsgebiet mit seinen klausurtypischen Besonderheiten und in seiner Systematik darstellen. Auch in der Neuauflage werden Medienzivilrecht und Öffentliches Recht berücksichtigt, wobei in der Neuauflage verstärkt auf das in der Praxis sehr relevante Medienwirtschaftsrecht Bezug genommen wird. 330 $aThe third edition of this exercise book and textbook on media law presents eighteen recent (as well as two supplementary) cases whose features and methodologies accurately represent both the field of media law and typical exam questions. As with previous editions, the new edition contains a review of civil media law and public law; the new edition goes into further detail on media industry law, a highly relevant field in current practice. 410 0$aDe Gruyter Studium. 606 $aMass media$xLaw and legislation$zGermany$vProblems, exercises, etc 615 0$aMass media$xLaw and legislation 676 $a343.43099 686 $aPN 850$2rvk 700 $aPeifer$b Karl-Nikolaus$01083818 801 0$bMiAaPQ 801 1$bMiAaPQ 801 2$bMiAaPQ 906 $aBOOK 912 $a9910814646603321 996 $aUbungen im Medienrecht$94015209 997 $aUNINA